Statistics for Top 20 Nationals: All-Time Home Run Leaders

Click here to take the quiz!

General Stats

  • This quiz has been taken 135 times
    (118 since last reset)
  • The average score is 7 of 20

Answer Stats

Home RunsAnswer% Correct
184Bryce Harper
91%
270Ryan Zimmerman
90%
234Vladimir Guerrero
74%
220Gary Carter
66%
225Andre Dawson
60%
136Anthony Rendon
54%
96Tim Raines
51%
204Tim Wallach
46%
99Larry Walker
36%
109Jayson Werth
29%
115Andres Galarraga
24%
115Jose Vidro
21%
100Lance Parrish
19%
110Ian Desmond
18%
84Moises Alou
18%
95Ellis Valentine
17%
101Rondell White
12%
118Bob Bailey
9%
86Ron Fairly
4%
92Danny Espinosa
2%

Score Distribution

Percentile by Number Answered

Percent of People with Each Score

Your Score History

You have not taken this quiz since the last reset